| 000 | 01216cam a2200277 4500 | ||
|---|---|---|---|
| 001 | ##E133368 | ||
| 002 | ##9930 | ||
| 008 | 050322n2006 000 0 eng u | ||
| 020 | _a0954736982 | ||
| 035 | _a(Sirsi) u133368 | ||
| 041 | 0 | _aeng | |
| 050 | 0 | 4 | _a692.5 $2 18 |
| 245 | 0 | 0 | _aBCIS Wessex small works estimating price book 2006 |
| 250 | _a12th ed. | ||
| 260 |
_aPoole _bBCIS Wessex _c2006 |
||
| 300 |
_aVarious pagings _c21 x 30cm. |
||
| 350 | _a39 95 | ||
| 520 | _aThis title has been produced to service the specialised small works sector of the market. Contents include estimate pricing simply explained, labour and plant outputs, comprehensive selection of standard estimates, common estimate adjustments, breakdowns showing clearly the analysis of all pricing, drawings and specification of typical projects, legal and planning considerations, technical information, trade memoranda and extensive material price list. | ||
| 520 | _aSupersedes 11th edition (ISBN 0954736931) | ||
| 520 | _aSuperseded by 13th edition (L137129). | ||
| 650 | 2 | 4 | _aWESSEX BUILDING PRICE BOOKS |
| 651 | 4 |
_aUnited Kingdom _y |
|
| 690 | _aBUILT ENVIRONMENT-BUILDING COSTS | ||
| 700 | 1 | _aBarnett, N.P. | |
| 942 | _n0 | ||
| 999 |
_c105390 _d105390 |
||